000
00304nam a22001217a 4500
008
160429b xxu||||| |||| 00| 0 eng d
020
_a
9780323014939
020
_a
0323014933
041
_a
eng
080
_a
618.2
245
_a
Clinical nursing skills techniques:
_c
Patricia A. Castaldi;
942
_2
udc
_c
BK
999
_c
1684
_d
1684